Wszyscy zawodnicy Fame MMA - Statystyki

Ogólne statystyki
  • Ten quiz został rozwiązany 3 390 razy
    2 651 od ostatniego zresetowania
  • Średni wynik to 133 z 294
Statystyki odpowiedzi
Odpowiedź % Poprawnych
2 | 3 | 4 | +6 others Ferrari
91%
1 | 4 | 12 Boxdel
90%
1 | 2 | 3 | +6 others Polak
89%
4 | 15 Lil Masti
76%
3 | 4 | 6 | +2 others Don Kasjo
75%
10 Don kasjo
75%
8 | 10 | 11 | +2 others Dubiel
75%
6 | 7 Gola
75%
10 | 14 | 15 Muran
74%
2 | 5 | 6 Rafonix
74%
3 | 4 | 6 | +4 others Linkimaster
72%
1 | 3 | 7 | +3 others Wiewiór
72%
1 | 2 Magical
71%
5 | 6 | 7 | 8 Najman
70%
6 | 7 | 10 | +3 others Tańcula
67%
2 | 3 | 5 | 7 Dawid Malczynski
66%
10 | 13 | 14 Dawid Malczyński
66%
13 | 14 Nitro
66%
14 | 16 Tromba
65%
5 | 9 | 11 Marcin Malczynski
62%
14 Gimper
60%
8 | 11 | 13 | 14 Szeli
59%
8 | 9 | 12 | 15 Blonsky
58%
10 | 11 | 13 | 14 Parke
58%
9 | 11 Wardęga
58%
14 | 15 Xayoo
58%
1 | 3 | 5 | +5 others Krycha
57%
1 Guzik
55%
6 | 8 | 9 | 12 Zusje
55%
6 | 8 | 10 | +2 others Alanik
54%
3 | 4 | 8 | +2 others Filipek
54%
5 Mini Majk
53%
7 | 8 | 9 | +3 others Hejter
48%
5 Kruszwil
48%
12 | 15 | 16 Jacek Murański
47%
4 | 6 | 9 Kubańczyk
47%
7 | 8 Tybori
47%
2 | 3 Bonus BGC
46%
5 Bonus BGC
46%
3 | 5 Isamu
46%
8 | 9 | 10 | 13 Arab
45%
7 | 13 Popek
45%
16 Bandura
43%
2 | 5 Adbuster
42%
7 | 12 | 16 Martirenti
41%
6 | 8 | 12 Bestia
40%
16 Dzinold
40%
14 Laluna
39%
13 Japczan
38%
4 | 9 Kizo
38%
13 | 16 Robert Pasut
37%
14 Fagata
36%
12 | 15 Marcin Wrzosek
36%
11 Mixer
36%
14 | 16 Wiktoria Jaroniewska
36%
11 Popo
35%
13 Unboxall
35%
7 | 16 Lew
34%
5 | 7 Olejnik
34%
3 | 9 | 12 Ryba
34%
1 | 4 | 6 | 10 Ambro
33%
3 | 5 Esmeralda
33%
9 | 13 | 16 Patrykos
32%
9 Way of Blonde
32%
11 Way of blonde
32%
13 Way Of Blonde
32%
10 Haribo
31%
12 | 14 | 16 Fit Lover
30%
1 | 2 | 7 | 10 Lupa
30%
9 | 13 Ponczek
30%
1 | 2 | 7 Ztrolowany
30%
1 Handke
29%
2 | 4 | 5 Kasti
28%
13 | 15 Takefun
28%
9 | 11 | 15 Zabielski
28%
15 Franio
27%
9 | 10 | 12 Kamiszka
27%
1 | 2 Surfer
27%
10 Czaro
26%
14 Monika Kociołek
26%
16 Natan Marcoń
26%
3 | 5 | 7 Hassi
25%
15 Konopskyy
25%
11 Mańkowski
25%
4 Medusa
25%
8 | 9 Mortalcio
25%
8 | 10 Pająk
25%
7 Stifler
25%
12 Koro
24%
4 | 7 Mielonidas
24%
12 Radzikowski
24%
6 | 7 Rataj
24%
3 Deejeypallaside
23%
14 AJ
22%
16 Szymool
22%
2 Bystrzak
21%
1 Ken
21%
15 Paramaxil
21%
16 Wiejski Koks
21%
6 Cypis
20%
5 Ewelona
20%
4 Tomb
20%
5 | 9 Oleg
19%
15 Sarius
19%
3 Taxi Złotówa
19%
11 Fericze
18%
11 Ojwojtek
18%
11 Sasha
18%
2 Tyburscy
18%
9 | 13 Kuba Post
17%
6 L Pro
17%
2 Waluś
17%
11 Danny ferreri
16%
8 Sobota
16%
6 | 8 | 12 Szewcu
16%
8 Dagmara Szewczyk
15%
6 Qbik
15%
2 Kluk
14%
11 Maksymalnie
13%
11 Smolasty
13%
9 Vandal
13%
15 Warjat Radek
13%
3 Bodychrist
12%
1 Bogas
12%
10 Gała
12%
2 Czapi
11%
8 Gamou
11%
10 Miejski Drwal
11%
4 Jongmen
10%
1 Celej
9%
11 Miłypan
9%
3 Mnich
9%
3 Ruby
9%
11 Wieja
9%
9 Anna IFBB PRO
8%
12 Anna IFBB Pro
8%
4 Knaziuu
8%
10 Śmieszek
8%
1 Maro
7%
15 Jamel Neffati
6%
15 Jamil Neffati
5%
1 Olczak
5%
15 Patryk Woźniak
4%
Nie znaleziono quizów pasujących do podanych kryteriów
Rozkład punktacji
Procent ludzi z każdym wynikiem
Percentyl według liczby udzielonych odpowiedzi
Twoja historia wyników
Nie rozwiązałeś tego quizu od ostatniego zresetowania